1685 1194 1377 1006 1281 1672 1955 1534 1677 1193 1764 1007 1391 1539 1181 1469 1640 1047 1137 1153 1009 1375 1378 1188 1313 1303 1224 1844 1448 1012 1352 1496 1144 1010 1598 1702 1989 1573 1987 1421 1144 1376 1035 1983 1603 1112 1476 1948 1152 1903 1121 1359 1681 1476 1693 1967 1621 1204 1563 1139 1181 1121 1860 1278 1027 1763 1786 1259 1053 1133 1632 1583 1442 1909 1975 1170 1299 1814 1361 1171 1273 1537 1056 1525 1531 1856 1758 1415 1226 1204 1371 1358 1667 1829 1264 1415 1935 1597 1748 BCNSPRNW ULIB Ver.6.0+V

เปลี่ยนเป็นภาษาไทย

Change to English
 แสดงรายละเอียดบรรณานุกรม
  กลับหน้าหลัก

Brief Record : Get Marc (ISO 2709) : E-mail record : QR code < ปิดหน้าต่าง
LEADER : 00000nam 2200000uu 4500
001    13399121469
003     ULIB
008    121120s2551||||th 000 0 tha d
020    ^a9789740596868
050 04 ^aTT890^bศ855ก
100 0  ^aเศรษฐพงศ์ อัปมะเย
245 10 ^aการประดิษฐ์พานรับน้ำ /^cเศรษฐพงศ์ อัปมะเย
250    ^aพิมพ์ครั้งที่ 1
260    ^aกรุงเทพฯ :^bวาดศิลป์,^c2551
300    ^a64 หน้า :^bภาพประกอบ ;^c26 ซม
440  0 ^aโครงการหนังสืออนุรักษ์และส่งเสริมศิลปวัฒนธรรมไทย
650  7 ^aการจัดดอกไม้
650  7 ^aการประดิษฐ์ด้วยใบตอง
650  7 ^aมาลัย
945    ^p160^l0^i16863
995    ^aวิภา
999 ^a ทศพร
รายการนี้ยังไม่มีแท็ก
คุณยังไม่ได้ล็อกอิน คุณสามารถมีกิจกรรมร่วมกับเว็บไซต์ได้ แต่ต้องล็อกอินก่อน ::
  ล็อกอิน

รายการสื่อสารสนเทศ

ลำดับที่ ประเภท เลขเรียก/บาร์โค้ด สถานที่ สถานะ
1. วิทยาศาสตร์การแพทย์ และสุขภาพ
วิทยาศาสตร์การแพทย์ และสุขภาพ
TT890 ศ855ก  
  Barcode: 16863
ห้องสมุดวิทยาเขตสวรรค์ประชารักษ์
►หนังสือทั่วไป
บนชั้น

รายการใกล้เคียง
    ผู้แต่ง [เศรษฐพงศ์ อัปมะเย]

    หัวเรื่อง [การจัดดอกไม้]
    หัวเรื่อง [การประดิษฐ์ด้วยใบตอง]
    หัวเรื่อง [มาลัย]

BibComment


ยังไม่เคยถูกคอมเมนท์

คอมเมนท์ทรัพยากรรายการนี้
  คอมเมนท์: การประดิษฐ์พานรั..


 Copyright 2026. Bcnsprnw @Library